Statistics for Social Networks Over The Years

Click here to take the quiz!

General Stats

  • This quiz has been taken 22 times
  • The average score is 10 of 19

Answer Stats

Year CreatedTypeAnswer% Correct
2004-Facebook
100%
2010PicturesInstagram
90%
2003-Myspace
80%
2006-Twitter
80%
2005VideosYouTube
80%
2012DatingTinder
75%
2003JobsLinkedIn
60%
2011-Snapchat
60%
1997MessengerAOL Instant Messenger
55%
2005ForumReddit
50%
2007BloggingTumblr
50%
2013VideosVine
45%
1999MessengerYahoo! Messenger
40%
2006RussianVK
25%
2011-Google+
20%
2010 PicturesPinterest
15%
2002-Friendster
10%
2011StreamingTwitch.tv
10%
2003 -Hi5
5%

Score Distribution

Percentile by Number Answered

Percent of People with Each Score

Your Score History

You have not taken this quiz